000 00654nam a22002297a 4500
001 75848
003 UA-OsUOA
005 20220817121241.0
007 ta
008 20110602b un ||||| |||| 00| 0 ukr d
040 _aUA-OsUOA
_bukr
_cUA-OsUOA
_dUA-OsUOA
041 _aukr
080 _a821.161.2
090 _a821.161.2
_bК96
100 _aКуштенко І.
245 _aТо чи й справді наша українська мати... баба?
260 _aК.
_bДім, сад, город
_c2009
300 _a545 с.
650 7 _a82 Література. Літературознавство
_2UDC
942 _cBK
_2udc
955 _a3
999 _c362148
_d362148